00534nam a2200133Ia 45000010005000000080041000050820024000461000088000702450168001582600024003265900007003509010028003579990015003853066241024s9999 xx 000 0 und d aRD/352/R426o/3-1987 aRepública Dominicana. Secretaría de Estado de Educación Bellas Artes y Cultos 0aOrdenanza 3-87 que establece el uso de un solo tipo de uniforme para los estudiantes de las escuelas públicas y colegios privados en los niveles primario y medio bSanto Domingoc1987 asi a24/7/2013 10:36:39 a.m. c9433d9433